Normal view
MARC view
Entry Geographic Name
001 - CONTROL NUMBER
- control field: 12510
003 - CONTROL NUMBER IDENTIFIER
- control field: OSt
005 - DATE AND TIME OF LATEST TRANSACTION
- control field: 20180302182530.0
008 - FIXED-LENGTH DATA ELEMENTS
- fixed length control field: 180302|| aca||aabn | a|a d
040 ## - CATALOGING SOURCE
- Original cataloging agency: OSt
- Transcribing agency: OSt
151 ## - HEADING--GEOGRAPHIC NAME
- Geographic name: Electronic systems
670 ## - SOURCE DATA FOUND
- Source citation: Work cat.: (OSt)5868: Uyemura, John P. 12228, Introduction to VLSI Circuits and Systems, 2002.
